000 01772nam a2200337 i 4500
001 768714001
003 CO-MdFUSB
005 20240227151905.0
007 ta
008 171004t1979 enk||||| |||| 00| 0 eng d
020 _a085110729X
040 _aCO-MdFUSB
_bspa
_cCO-MdFUSB
_dCO-MdFUSBC
_erda
041 0 _aeng
082 0 4 _a224.507
_223
_bW187
100 _aWallace, Ronald S.
_eautor
245 1 4 _aThe message of Daniel
_b: the Lord Is king
_c/ Ronald S. Wallace ; editado por J. A. Motyer
264 1 _aDowners Grove, ILL., USA :
_bInterVarsity Press,
_c[1979]
264 4 _c©1979
300 _a200 páginas ;
_c22 cm
336 _2rdacontent
_atexto
_btxt
337 _2rdamedia
_asin mediación
_bn
338 _2rdacarrier
_avolumen
_bnc
490 _aThe Bible Speaks Today
505 _aPrefacio general -- Prefacio del autor -- Introducción -- El trasfondo histórico -- La mirada tradicional del libro -- La teoría de la orientación macabea del libro -- La respuesta desde el punto de vista conservador -- El tema central de libro—Su integridad y unidad convincente -- Daniel 1. El problema y la respuesta -- Daniel 2. La piedra y los reinos destrozados -- Daniel 3. El horno ardiente -- Daniel 4. "Yo, Nabuconodosor" -- Daniel 5. El banquete de belsasar -- Daniel 6. El foso de los leones -- Daniel 7. Las bestias y el hijo del hombre -- Daniel 8. La cabra y el cuerno pequeño -- Daniel 9. Un orador y profeta -- Daniel 10 "Yo, Daniel" -- Daniel 11. La historia inscrita en el libro -- Daniel 12. Esperando y viendo el final
563 _aTapa rústica
630 7 _aBiblia.
_pDaniel
_vComentarios
_xCrítica, interpretación, etc.
700 _91431
_aMotyer, J. A.
_eeditor
942 _cBK
945 _aJTF-925
999 _c64711
_d64711